LEADER 01238nas 2200421-a 450 001 996320883803316 005 20240413013347.0 011 $a2450-3452 035 $a(DE-599)ZDB2736332-6 035 $a(CKB)1000000000269777 035 $a(CONSER)--2003235866 035 $a(EXLCZ)991000000000269777 100 $a20030922a199u9999 --- - 101 0 $apol 200 00$aForum o?wiatowe 210 $aWarszawa-Olsztyn $c[s.n.] 215 $a1 online resource 300 $aRefereed/Peer-reviewed 311 08$aPrint version: Forum o?wiatowe. 0867-0323 (DLC) 2003235866 (OCoLC)53062502 531 0 $aForum O?w. 606 $aEducation$zPoland$vPeriodicals 606 $aEducation$2fast$3(OCoLC)fst00902499 606 $aBildungswesen$2gnd 606 $aZeitschrift$2gnd 607 $aPoland$2fast 607 $aPolen$2swd 608 $aPeriodicals.$2fast 615 0$aEducation 615 7$aEducation. 615 7$aBildungswesen 615 7$aZeitschrift 712 02$aUniwersytet Warmi?sko-Mazurski w Olsztynie. 712 02$aPolskie Towarzystwo Pedagogiczne. 906 $aJOURNAL 912 $a996320883803316 920 $aexl_impl conversion 996 $aForum o?wiatowe$91954181 997 $aUNISA